Nowá Píseň wssem Kuřakům a Šnupakům obĕtowaná

Bibliographic Details
Corporate Author: Škarnicel, Jozef - dedičia (Skalica, Slovensko) (Printer)
Format: Book
Language:Slovak
PhysicalDescription:8] s. 11 cm
Published: W Skalici u dědičů J. Škarnicla [1880-1898]
Subjects:

MARC

LEADER 00000nam a2200000 a 4500
001 vtls011743261
003 SK-MaSNL
005 20260301095221.0
008 210701s18uu xo a 0 an0 slo
015 |a SNBHFA18uu 
035 |a urn:nbn:sk:snk-am3hi79 
035 |a 0F1C1940-3F0D-40B3-8719-9D540CEB1AFF 
035 |a urn:nbn:sk:snk-am00d17n 
035 |a 3642AB08-44F9-4D21-A698-AC675153E232 
035 |a urn:nbn:sk:snk-am00d1e6 
040 |a SNKHF  |b slo  |c SNK  |e AACR2 
041 0 |a slo 
044 |a xo  |c SK 
072 7 |a 09  |x Rukopisy, prvotlače, staré tlače. Vzácne a pozoruhodné diela  |2 konspekt 
080 |a 098:398.51  |2 1981 
130 0 |a Nowá  |9 304741 
245 1 0 |a Nowá Píseň wssem Kuřakům a Šnupakům obĕtowaná 
260 |a W Skalici  |b u dědičů J. Škarnicla  |c [1880-1898] 
300 |a 8] s.  |c 11 cm 
500 |a Titulná strana s drevorezom. Drevorez 
501 |a Prív.3. k: Lamentace pijáka. W Skalici : u dédičů J. Škarnicla, 1884.  |5 SNK SE 102/7/prív.3 
501 |a Prív. 16. k: Pjseň o márnosti swĕtské nowá moda tak zwaná Naifroky aneb Krynoliny. W Skalicy : v Škarnicla Synu, 1864.  |5 SNK SE 144/1-23/prív.16 
546 |a Slovenčina  |b Fraktúra 
550 |a Impresum uvedené za textom 
650 0 7 |a jarmočné tlače  |2 SNKPH  |9 256383 
710 0 |a Škarnicel, Jozef - dedičia (Skalica, Slovensko)  |4 prt  |9 189503 
752 |a Slovensko  |d Skalica 
958 |a ONDV 
999 |c 682539  |d 684469 
952 |a SNK  |b SNK  |y PREZ  |7 0  |p 17A1299759  |o snkSE 102/7/prív.370  |i snk1014/28  |0 0  |1 0  |4 0  |d 2018-02-23  |f 1  |l 0  |r 2026-02-23 20:01:53  |w 2026-02-23 
952 |a SNK  |b SNK  |y PREZ  |7 0  |p 17A1300584  |o snkSE 144/1-23/prív.16  |i snk4678/28  |0 0  |1 0  |4 0  |d 2018-04-20  |f 1  |l 0  |r 2026-02-23 20:01:53  |w 2026-02-23